<?xml version="1.0" encoding="UTF-8"?>
<record
    xmlns:xsi="http://www.w3.org/2001/XMLSchema-instance"
    xsi:schemaLocation="http://www.loc.gov/MARC21/slim http://www.loc.gov/standards/marcxml/schema/MARC21slim.xsd"
    xmlns="http://www.loc.gov/MARC21/slim">

  <leader>01959nam a22003257a 4500</leader>
  <controlfield tag="005">20180718154434.0</controlfield>
  <datafield tag="010" ind1=" " ind2=" ">
    <subfield code="a">A-834522  &#x930;&#x93E;&#x937;&#x94D;&#x91F;&#x94D;&#x930;&#x92A;&#x924;&#x93F;-2  B-691781   B-697194-209 MPLADS</subfield>
  </datafield>
  <datafield tag="020" ind1=" " ind2=" ">
    <subfield code="c">80.00</subfield>
    <subfield code="a">8170163587</subfield>
  </datafield>
  <datafield tag="035" ind1=" " ind2=" ">
    <subfield code="a">A-834522</subfield>
  </datafield>
  <datafield tag="035" ind1=" " ind2=" ">
    <subfield code="a">B-691781</subfield>
  </datafield>
  <datafield tag="035" ind1=" " ind2=" ">
    <subfield code="a">B-697194-209</subfield>
  </datafield>
  <datafield tag="037" ind1=" " ind2=" ">
    <subfield code="b">Cen Lib/Ret</subfield>
  </datafield>
  <datafield tag="037" ind1=" " ind2=" ">
    <subfield code="b">&#x915;&#x93F;&#x924;&#x93E;&#x92C;&#x918;&#x930; &#x92A;&#x94D;&#x930;&#x915;&#x93E;&#x936;&#x928;</subfield>
  </datafield>
  <datafield tag="082" ind1=" " ind2=" ">
    <subfield code="a">824</subfield>
    <subfield code="b">&#x926;&#x94D;&#x935;&#x93F;&#x935;&#x947;&#x926;&#x940; </subfield>
  </datafield>
  <datafield tag="100" ind1=" " ind2=" ">
    <subfield code="a">&#x926;&#x94D;&#x935;&#x93F;&#x935;&#x947;&#x926;&#x940;, &#x939;&#x91C;&#x93E;&#x930;&#x940;&#x92A;&#x94D;&#x930;&#x938;&#x93E;&#x926; </subfield>
  </datafield>
  <datafield tag="245" ind1=" " ind2=" ">
    <subfield code="a">&#x91A;&#x941;&#x928;&#x947; &#x939;&#x941;&#x90F; &#x928;&#x93F;&#x92C;&#x902;&#x927;&#x903;&#x939;&#x91C;&#x93E;&#x930;&#x940;&#x92A;&#x94D;&#x930;&#x938;&#x93E;&#x926; &#x926;&#x94D;&#x935;&#x93F;&#x935;&#x947;&#x926;&#x940; /</subfield>
    <subfield code="c">&#x939;&#x91C;&#x93E;&#x930;&#x940;&#x92A;&#x94D;&#x930;&#x938;&#x93E;&#x926; &#x926;&#x94D;&#x935;&#x93F;&#x935;&#x947;&#x926;&#x940; ; &#x938;&#x902;&#x92A;&#x93E;&#x926;&#x915; &#x92E;&#x941;&#x915;&#x941;&#x902;&#x926; &#x926;&#x94D;&#x935;&#x93F;&#x935;&#x947;&#x926;&#x940; </subfield>
  </datafield>
  <datafield tag="246" ind1=" " ind2=" ">
    <subfield code="a">Chune huye nibandh /</subfield>
    <subfield code="b">by Hajariprasad Drivedi ; sampasak Mukund Drivedi </subfield>
  </datafield>
  <datafield tag="260" ind1=" " ind2=" ">
    <subfield code="a">&#x928;&#x908; &#x926;&#x93F;&#x932;&#x94D;&#x932;&#x940; </subfield>
    <subfield code="b">&#x915;&#x93F;&#x924;&#x93E;&#x92C;&#x918;&#x930; &#x92A;&#x94D;&#x930;&#x915;&#x93E;&#x936;&#x928; </subfield>
    <subfield code="c">1996</subfield>
    <subfield code="c">2011 MPLADS</subfield>
  </datafield>
  <datafield tag="270" ind1=" " ind2=" ">
    <subfield code="b">&#x928;&#x908; &#x926;&#x93F;&#x932;&#x94D;&#x932;&#x940; </subfield>
    <subfield code="a">24, &#x905;&#x902;&#x938;&#x93E;&#x930;&#x940; &#x930;&#x94B;&#x921;, &#x926;&#x930;&#x92F;&#x93E;&#x917;&#x902;&#x91C; </subfield>
    <subfield code="e">110002</subfield>
  </datafield>
  <datafield tag="300" ind1=" " ind2=" ">
    <subfield code="a">117&#x92A;&#x943;.</subfield>
    <subfield code="c">20&#x938;&#x947;&#x92E;&#x940;(&#x938;&#x91C;&#x93F;&#x932;&#x94D;&#x926; ) </subfield>
  </datafield>
  <datafield tag="500" ind1=" " ind2=" ">
    <subfield code="a">&#x930;&#x93E;&#x937;&#x94D;&#x91F;&#x94D;&#x930;&#x92A;&#x924;&#x93F;-2</subfield>
  </datafield>
  <datafield tag="650" ind1=" " ind2=" ">
    <subfield code="a"> &#x938;&#x93E;&#x939;&#x93F;&#x924;&#x94D;&#x92F;--&#x928;&#x93F;&#x92C;&#x902;&#x927; </subfield>
    <subfield code="x"> </subfield>
  </datafield>
  <datafield tag="650" ind1=" " ind2=" ">
    <subfield code="a">&#x939;&#x93F;&#x902;&#x926;&#x940;--&#x928;&#x93F;&#x92C;&#x902;&#x927; </subfield>
  </datafield>
  <datafield tag="650" ind1=" " ind2=" ">
    <subfield code="a">Literature--Essays</subfield>
  </datafield>
  <datafield tag="650" ind1=" " ind2=" ">
    <subfield code="a">Hindi--Essays</subfield>
  </datafield>
  <datafield tag="700" ind1=" " ind2=" ">
    <subfield code="a">&#x926;&#x94D;&#x930;&#x93F;&#x935;&#x947;&#x926;&#x940;, &#x92E;&#x941;&#x915;&#x941;&#x902;&#x926; </subfield>
    <subfield code="9">77990</subfield>
  </datafield>
  <datafield tag="942" ind1=" " ind2=" ">
    <subfield code="2">ddc</subfield>
    <subfield code="c">HN</subfield>
    <subfield code="h">824</subfield>
    <subfield code="m">&#x926;&#x94D;&#x935;&#x93F;&#x935;&#x947;&#x926;&#x940; </subfield>
  </datafield>
  <datafield tag="999" ind1=" " ind2=" ">
    <subfield code="c">118021</subfield>
    <subfield code="d">118021</subfield>
  </datafield>
  <datafield tag="952" ind1=" " ind2=" ">
    <subfield code="0">0</subfield>
    <subfield code="1">0</subfield>
    <subfield code="4">0</subfield>
    <subfield code="7">0</subfield>
    <subfield code="a">L</subfield>
    <subfield code="b">L</subfield>
    <subfield code="d">2015-09-09</subfield>
    <subfield code="e">Cen Lib/Ref</subfield>
    <subfield code="g">80.00</subfield>
    <subfield code="l">1</subfield>
    <subfield code="o">824 &#x926;&#x94D;&#x930;&#x93F;&#x935;&#x947;&#x926;&#x940;</subfield>
    <subfield code="p">A-834522</subfield>
    <subfield code="r">2018-11-29 00:00:00</subfield>
    <subfield code="s">2018-11-21</subfield>
    <subfield code="t">1</subfield>
    <subfield code="v">80.00</subfield>
    <subfield code="w">2015-09-09</subfield>
    <subfield code="y">HN</subfield>
  </datafield>
  <datafield tag="952" ind1=" " ind2=" ">
    <subfield code="0">0</subfield>
    <subfield code="1">0</subfield>
    <subfield code="4">0</subfield>
    <subfield code="7">0</subfield>
    <subfield code="8">NFIC</subfield>
    <subfield code="a">M</subfield>
    <subfield code="b">M</subfield>
    <subfield code="d">2018-05-17</subfield>
    <subfield code="e">&#x915;&#x93F;&#x924;&#x93E;&#x92C;&#x918;&#x930;-BL1107/4.5.18/441/4.5.18/9.5.18</subfield>
    <subfield code="g">195.00</subfield>
    <subfield code="l">0</subfield>
    <subfield code="o">824 &#x926;&#x94D;&#x935;&#x93F;&#x935;&#x947;&#x926;&#x940;</subfield>
    <subfield code="p">B-691781</subfield>
    <subfield code="r">2018-05-17 00:00:00</subfield>
    <subfield code="t">1</subfield>
    <subfield code="v">195.00</subfield>
    <subfield code="w">2018-05-17</subfield>
    <subfield code="y">HN</subfield>
  </datafield>
  <datafield tag="952" ind1=" " ind2=" ">
    <subfield code="0">0</subfield>
    <subfield code="1">0</subfield>
    <subfield code="4">0</subfield>
    <subfield code="7">0</subfield>
    <subfield code="8">NFIC</subfield>
    <subfield code="a">L</subfield>
    <subfield code="b">L</subfield>
    <subfield code="d">2018-07-18</subfield>
    <subfield code="e">&#x915;&#x93F;&#x924;&#x93E;&#x92C;&#x918;&#x930;BL-IN-1315/2.7.18/469/13.6.18/11.7.18</subfield>
    <subfield code="g">195.00</subfield>
    <subfield code="l">4</subfield>
    <subfield code="m">2</subfield>
    <subfield code="o">824 &#x926;&#x94D;&#x935;&#x93F;&#x935;&#x947;&#x926;&#x940;</subfield>
    <subfield code="p">B-697194</subfield>
    <subfield code="r">2023-07-03 00:00:00</subfield>
    <subfield code="s">2023-06-01</subfield>
    <subfield code="t">1</subfield>
    <subfield code="v">195.00</subfield>
    <subfield code="y">HN</subfield>
    <subfield code="z">MPLADS</subfield>
  </datafield>
  <datafield tag="952" ind1=" " ind2=" ">
    <subfield code="0">0</subfield>
    <subfield code="1">0</subfield>
    <subfield code="4">0</subfield>
    <subfield code="7">0</subfield>
    <subfield code="8">NFIC</subfield>
    <subfield code="a">NPL</subfield>
    <subfield code="b">NPL</subfield>
    <subfield code="d">2018-07-18</subfield>
    <subfield code="e">&#x915;&#x93F;&#x924;&#x93E;&#x92C;&#x918;&#x930;BL-IN-1315/2.7.18/469/13.6.18/11.7.18</subfield>
    <subfield code="g">195.00</subfield>
    <subfield code="l">0</subfield>
    <subfield code="o">824 &#x926;&#x94D;&#x935;&#x93F;&#x935;&#x947;&#x926;&#x940;</subfield>
    <subfield code="p">B-697195</subfield>
    <subfield code="r">2018-07-18 00:00:00</subfield>
    <subfield code="t">1</subfield>
    <subfield code="v">195.00</subfield>
    <subfield code="y">HN</subfield>
    <subfield code="z">MPLADS</subfield>
  </datafield>
  <datafield tag="952" ind1=" " ind2=" ">
    <subfield code="0">0</subfield>
    <subfield code="1">0</subfield>
    <subfield code="4">0</subfield>
    <subfield code="7">0</subfield>
    <subfield code="8">NFIC</subfield>
    <subfield code="a">BL1</subfield>
    <subfield code="b">BL1</subfield>
    <subfield code="d">2018-07-18</subfield>
    <subfield code="e">&#x915;&#x93F;&#x924;&#x93E;&#x92C;&#x918;&#x930;BL-IN-1315/2.7.18/469/13.6.18/11.7.18</subfield>
    <subfield code="g">195.00</subfield>
    <subfield code="l">2</subfield>
    <subfield code="m">2</subfield>
    <subfield code="o">824 &#x926;&#x94D;&#x935;&#x93F;&#x935;&#x947;&#x926;&#x940;</subfield>
    <subfield code="p">B-697196</subfield>
    <subfield code="r">2019-11-20 00:00:00</subfield>
    <subfield code="s">2019-11-06</subfield>
    <subfield code="t">1</subfield>
    <subfield code="v">195.00</subfield>
    <subfield code="y">HN</subfield>
    <subfield code="z">MPLADS</subfield>
  </datafield>
  <datafield tag="952" ind1=" " ind2=" ">
    <subfield code="0">0</subfield>
    <subfield code="1">0</subfield>
    <subfield code="4">0</subfield>
    <subfield code="7">0</subfield>
    <subfield code="8">NFIC</subfield>
    <subfield code="a">KGM</subfield>
    <subfield code="b">KGM</subfield>
    <subfield code="d">2018-07-18</subfield>
    <subfield code="e">&#x915;&#x93F;&#x924;&#x93E;&#x92C;&#x918;&#x930;BL-IN-1315/2.7.18/469/13.6.18/11.7.18</subfield>
    <subfield code="g">195.00</subfield>
    <subfield code="l">0</subfield>
    <subfield code="o">824 &#x926;&#x94D;&#x935;&#x93F;&#x935;&#x947;&#x926;&#x940;</subfield>
    <subfield code="p">B-697197</subfield>
    <subfield code="r">2018-07-18 00:00:00</subfield>
    <subfield code="t">1</subfield>
    <subfield code="v">195.00</subfield>
    <subfield code="y">HN</subfield>
    <subfield code="z">MPLADS</subfield>
  </datafield>
  <datafield tag="952" ind1=" " ind2=" ">
    <subfield code="0">0</subfield>
    <subfield code="1">0</subfield>
    <subfield code="4">0</subfield>
    <subfield code="7">0</subfield>
    <subfield code="8">NFIC</subfield>
    <subfield code="a">PR</subfield>
    <subfield code="b">PR</subfield>
    <subfield code="d">2018-07-18</subfield>
    <subfield code="e">&#x915;&#x93F;&#x924;&#x93E;&#x92C;&#x918;&#x930;BL-IN-1315/2.7.18/469/13.6.18/11.7.18</subfield>
    <subfield code="g">195.00</subfield>
    <subfield code="l">0</subfield>
    <subfield code="o">824 &#x926;&#x94D;&#x935;&#x93F;&#x935;&#x947;&#x926;&#x940;</subfield>
    <subfield code="p">B-697198</subfield>
    <subfield code="r">2018-07-18 00:00:00</subfield>
    <subfield code="t">1</subfield>
    <subfield code="v">195.00</subfield>
    <subfield code="y">HN</subfield>
    <subfield code="z">MPLADS</subfield>
  </datafield>
  <datafield tag="952" ind1=" " ind2=" ">
    <subfield code="0">0</subfield>
    <subfield code="1">0</subfield>
    <subfield code="4">0</subfield>
    <subfield code="7">0</subfield>
    <subfield code="8">NFIC</subfield>
    <subfield code="a">TN</subfield>
    <subfield code="b">TN</subfield>
    <subfield code="d">2018-07-18</subfield>
    <subfield code="e">&#x915;&#x93F;&#x924;&#x93E;&#x92C;&#x918;&#x930;BL-IN-1315/2.7.18/469/13.6.18/11.7.18</subfield>
    <subfield code="g">195.00</subfield>
    <subfield code="l">2</subfield>
    <subfield code="o">824 &#x926;&#x94D;&#x935;&#x93F;&#x935;&#x947;&#x926;&#x940;</subfield>
    <subfield code="p">B-697199</subfield>
    <subfield code="r">2021-10-05 00:00:00</subfield>
    <subfield code="s">2021-09-29</subfield>
    <subfield code="t">1</subfield>
    <subfield code="v">195.00</subfield>
    <subfield code="y">HN</subfield>
    <subfield code="z">MPLADS</subfield>
  </datafield>
  <datafield tag="952" ind1=" " ind2=" ">
    <subfield code="0">0</subfield>
    <subfield code="1">0</subfield>
    <subfield code="4">0</subfield>
    <subfield code="7">0</subfield>
    <subfield code="8">NFIC</subfield>
    <subfield code="a">CJ</subfield>
    <subfield code="b">CJ</subfield>
    <subfield code="d">2018-07-18</subfield>
    <subfield code="e">&#x915;&#x93F;&#x924;&#x93E;&#x92C;&#x918;&#x930;BL-IN-1315/2.7.18/469/13.6.18/11.7.18</subfield>
    <subfield code="g">195.00</subfield>
    <subfield code="l">0</subfield>
    <subfield code="o">824 &#x926;&#x94D;&#x935;&#x93F;&#x935;&#x947;&#x926;&#x940;</subfield>
    <subfield code="p">B-697200</subfield>
    <subfield code="r">2018-07-18 00:00:00</subfield>
    <subfield code="t">1</subfield>
    <subfield code="v">195.00</subfield>
    <subfield code="y">HN</subfield>
    <subfield code="z">MPLADS</subfield>
  </datafield>
  <datafield tag="952" ind1=" " ind2=" ">
    <subfield code="0">0</subfield>
    <subfield code="1">0</subfield>
    <subfield code="4">0</subfield>
    <subfield code="7">0</subfield>
    <subfield code="8">NFIC</subfield>
    <subfield code="a">DIZ</subfield>
    <subfield code="b">DIZ</subfield>
    <subfield code="d">2018-07-18</subfield>
    <subfield code="e">&#x915;&#x93F;&#x924;&#x93E;&#x92C;&#x918;&#x930;BL-IN-1315/2.7.18/469/13.6.18/11.7.18</subfield>
    <subfield code="g">195.00</subfield>
    <subfield code="l">4</subfield>
    <subfield code="o">824 &#x926;&#x94D;&#x935;&#x93F;&#x935;&#x947;&#x926;&#x940;</subfield>
    <subfield code="p">B-697201</subfield>
    <subfield code="r">2019-05-16 00:00:00</subfield>
    <subfield code="s">2019-04-23</subfield>
    <subfield code="t">1</subfield>
    <subfield code="v">195.00</subfield>
    <subfield code="y">HN</subfield>
    <subfield code="z">MPLADS</subfield>
  </datafield>
  <datafield tag="952" ind1=" " ind2=" ">
    <subfield code="0">0</subfield>
    <subfield code="1">0</subfield>
    <subfield code="4">0</subfield>
    <subfield code="7">0</subfield>
    <subfield code="8">NFIC</subfield>
    <subfield code="a">JP</subfield>
    <subfield code="b">JP</subfield>
    <subfield code="d">2018-07-18</subfield>
    <subfield code="e">&#x915;&#x93F;&#x924;&#x93E;&#x92C;&#x918;&#x930;BL-IN-1315/2.7.18/469/13.6.18/11.7.18</subfield>
    <subfield code="g">195.00</subfield>
    <subfield code="l">1</subfield>
    <subfield code="o">824 &#x926;&#x94D;&#x935;&#x93F;&#x935;&#x947;&#x926;&#x940;</subfield>
    <subfield code="p">B-697202</subfield>
    <subfield code="r">2019-02-11 00:00:00</subfield>
    <subfield code="s">2019-01-28</subfield>
    <subfield code="t">1</subfield>
    <subfield code="v">195.00</subfield>
    <subfield code="y">HN</subfield>
    <subfield code="z">MPLADS</subfield>
  </datafield>
  <datafield tag="952" ind1=" " ind2=" ">
    <subfield code="0">0</subfield>
    <subfield code="1">0</subfield>
    <subfield code="4">0</subfield>
    <subfield code="7">0</subfield>
    <subfield code="8">NFIC</subfield>
    <subfield code="a">ZLS</subfield>
    <subfield code="b">ZLS</subfield>
    <subfield code="d">2018-07-18</subfield>
    <subfield code="e">&#x915;&#x93F;&#x924;&#x93E;&#x92C;&#x918;&#x930;BL-IN-1315/2.7.18/469/13.6.18/11.7.18</subfield>
    <subfield code="g">195.00</subfield>
    <subfield code="l">2</subfield>
    <subfield code="o">824 &#x926;&#x94D;&#x935;&#x93F;&#x935;&#x947;&#x926;&#x940;</subfield>
    <subfield code="p">B-697203</subfield>
    <subfield code="r">2019-03-09 00:00:00</subfield>
    <subfield code="s">2019-03-04</subfield>
    <subfield code="t">1</subfield>
    <subfield code="v">195.00</subfield>
    <subfield code="y">HN</subfield>
    <subfield code="z">MPLADS</subfield>
  </datafield>
  <datafield tag="952" ind1=" " ind2=" ">
    <subfield code="0">0</subfield>
    <subfield code="1">0</subfield>
    <subfield code="4">0</subfield>
    <subfield code="7">0</subfield>
    <subfield code="8">NFIC</subfield>
    <subfield code="a">RKP</subfield>
    <subfield code="b">RKP</subfield>
    <subfield code="d">2018-07-18</subfield>
    <subfield code="e">&#x915;&#x93F;&#x924;&#x93E;&#x92C;&#x918;&#x930;BL-IN-1315/2.7.18/469/13.6.18/11.7.18</subfield>
    <subfield code="g">195.00</subfield>
    <subfield code="l">0</subfield>
    <subfield code="o">824 &#x926;&#x94D;&#x935;&#x93F;&#x935;&#x947;&#x926;&#x940;</subfield>
    <subfield code="p">B-697204</subfield>
    <subfield code="r">2018-07-18 00:00:00</subfield>
    <subfield code="t">1</subfield>
    <subfield code="v">195.00</subfield>
    <subfield code="y">HN</subfield>
    <subfield code="z">MPLADS</subfield>
  </datafield>
  <datafield tag="952" ind1=" " ind2=" ">
    <subfield code="0">0</subfield>
    <subfield code="1">0</subfield>
    <subfield code="4">0</subfield>
    <subfield code="7">0</subfield>
    <subfield code="8">NFIC</subfield>
    <subfield code="a">VP</subfield>
    <subfield code="b">VP</subfield>
    <subfield code="d">2018-07-18</subfield>
    <subfield code="e">&#x915;&#x93F;&#x924;&#x93E;&#x92C;&#x918;&#x930;BL-IN-1315/2.7.18/469/13.6.18/11.7.18</subfield>
    <subfield code="g">195.00</subfield>
    <subfield code="l">1</subfield>
    <subfield code="o">824 &#x926;&#x94D;&#x935;&#x93F;&#x935;&#x947;&#x926;&#x940;</subfield>
    <subfield code="p">B-697205</subfield>
    <subfield code="r">2026-05-12 16:25:30</subfield>
    <subfield code="s">2026-05-08</subfield>
    <subfield code="t">1</subfield>
    <subfield code="v">195.00</subfield>
    <subfield code="y">HN</subfield>
    <subfield code="z">MPLADS</subfield>
  </datafield>
  <datafield tag="952" ind1=" " ind2=" ">
    <subfield code="0">0</subfield>
    <subfield code="1">0</subfield>
    <subfield code="4">0</subfield>
    <subfield code="7">0</subfield>
    <subfield code="8">NFIC</subfield>
    <subfield code="a">NR</subfield>
    <subfield code="b">NR</subfield>
    <subfield code="d">2018-07-18</subfield>
    <subfield code="e">&#x915;&#x93F;&#x924;&#x93E;&#x92C;&#x918;&#x930;BL-IN-1315/2.7.18/469/13.6.18/11.7.18</subfield>
    <subfield code="g">195.00</subfield>
    <subfield code="l">0</subfield>
    <subfield code="o">824 &#x926;&#x94D;&#x935;&#x93F;&#x935;&#x947;&#x926;&#x940;</subfield>
    <subfield code="p">B-697206</subfield>
    <subfield code="r">2018-07-18 00:00:00</subfield>
    <subfield code="t">1</subfield>
    <subfield code="v">195.00</subfield>
    <subfield code="y">HN</subfield>
    <subfield code="z">MPLADS</subfield>
  </datafield>
  <datafield tag="952" ind1=" " ind2=" ">
    <subfield code="0">0</subfield>
    <subfield code="1">0</subfield>
    <subfield code="4">0</subfield>
    <subfield code="7">0</subfield>
    <subfield code="8">NFIC</subfield>
    <subfield code="a">BN</subfield>
    <subfield code="b">BN</subfield>
    <subfield code="d">2018-07-18</subfield>
    <subfield code="e">&#x915;&#x93F;&#x924;&#x93E;&#x92C;&#x918;&#x930;BL-IN-1315/2.7.18/469/13.6.18/11.7.18</subfield>
    <subfield code="g">195.00</subfield>
    <subfield code="l">0</subfield>
    <subfield code="o">824 &#x926;&#x94D;&#x935;&#x93F;&#x935;&#x947;&#x926;&#x940;</subfield>
    <subfield code="p">B-697207</subfield>
    <subfield code="r">2018-07-18 00:00:00</subfield>
    <subfield code="t">1</subfield>
    <subfield code="v">195.00</subfield>
    <subfield code="y">HN</subfield>
    <subfield code="z">MPLADS</subfield>
  </datafield>
  <datafield tag="952" ind1=" " ind2=" ">
    <subfield code="0">0</subfield>
    <subfield code="1">0</subfield>
    <subfield code="4">0</subfield>
    <subfield code="7">0</subfield>
    <subfield code="8">NFIC</subfield>
    <subfield code="a">BL4</subfield>
    <subfield code="b">BL4</subfield>
    <subfield code="d">2018-07-18</subfield>
    <subfield code="e">&#x915;&#x93F;&#x924;&#x93E;&#x92C;&#x918;&#x930;BL-IN-1315/2.7.18/469/13.6.18/11.7.18</subfield>
    <subfield code="g">195.00</subfield>
    <subfield code="l">3</subfield>
    <subfield code="m">2</subfield>
    <subfield code="o">824 &#x926;&#x94D;&#x935;&#x93F;&#x935;&#x947;&#x926;&#x940;</subfield>
    <subfield code="p">B-697208</subfield>
    <subfield code="r">2022-10-18 00:00:00</subfield>
    <subfield code="s">2022-10-13</subfield>
    <subfield code="t">1</subfield>
    <subfield code="v">195.00</subfield>
    <subfield code="y">HN</subfield>
    <subfield code="z">MPLADS</subfield>
  </datafield>
  <datafield tag="952" ind1=" " ind2=" ">
    <subfield code="0">0</subfield>
    <subfield code="1">0</subfield>
    <subfield code="4">0</subfield>
    <subfield code="7">0</subfield>
    <subfield code="8">NFIC</subfield>
    <subfield code="a">YV</subfield>
    <subfield code="b">YV</subfield>
    <subfield code="d">2018-07-18</subfield>
    <subfield code="e">&#x915;&#x93F;&#x924;&#x93E;&#x92C;&#x918;&#x930;BL-IN-1315/2.7.18/469/13.6.18/11.7.18</subfield>
    <subfield code="g">195.00</subfield>
    <subfield code="l">0</subfield>
    <subfield code="o">824 &#x926;&#x94D;&#x935;&#x93F;&#x935;&#x947;&#x926;&#x940;</subfield>
    <subfield code="p">B-697209</subfield>
    <subfield code="r">2018-07-18 00:00:00</subfield>
    <subfield code="t">1</subfield>
    <subfield code="v">195.00</subfield>
    <subfield code="y">HN</subfield>
    <subfield code="z">MPLADS</subfield>
  </datafield>
</record>
